| 000 | 00328nam a2200133 i 4500 | ||
|---|---|---|---|
| 001 | bg | ||
| 100 | 1 |
_aJakubowicz, Antoni _d(?-1999). |
|
| 245 | 0 |
_aWytrzymałość materiałów. _nCz.2 / _cA. Jakubowicz. |
|
| 260 |
_aGliwice, _c1960. |
||
| 040 | _cBPK | ||
| 041 | _apol | ||
| 942 | _cKS | ||
| 008 | s pl f |000 0 pol | ||
| 999 |
_c7043 _d7043 |
||
| 856 |
_uhttp://koha.tu.koszalin.pl/cgi-bin/koha/opac-detail.pl?biblionumber=7043 _yKatalog online BPK |
||